[Event "23rd European Teams"]
[Site "Terme Catez SLO"]
[Date "2021.11.20"]
[Round "8.6"]
[Board "3"]
[White "Howell, David W L"]
[Black "Bjerre, Jonas Buhl"]
[Result "1/2-1/2"]
[WhiteTitle "GM"]
[BlackTitle "GM"]
[WhiteElo "2648"]
[BlackElo "2569"]
[WhiteTeam "England"]
[BlackTeam "Denmark"]
[WhiteFideId "410608"]
[BlackFideId "1444948"]
[EventDate "2021.11.12"]

1. Nf3 c5 2. c4 Nc6 3. Nc3 Nf6 4. e3 e5 5. d4 e4 6. d5 exf3 7. dxc6 dxc6 8.
Qxd8+ Kxd8 9. gxf3 g6 10. b3 Bg7 11. Bb2 b6 12. Ne2 Nh5 13. O-O-O+ Kc7 14. Bxg7
Nxg7 15. Nf4 a5 16. a4 Bd7 17. h4 h5 18. Be2 Rad8 19. Kc2 Bf5+ 20. Kc3 Rxd1 21.
Rxd1 Rd8 22. Rg1 Kd6 23. Nd3 Bxd3 24. Bxd3 Ke7 25. f4 Kf6 26. Kc2 Rd7 27. Bf1
Nf5 28. Bh3 Rd6 29. Bxf5 Kxf5 30. f3 f6 31. Rg2 Rd8 32. Rg3 Rd7 33. Rh3 Rd8 34.
Rh2 Rd7 35. Rh1 Rd8 36. Rh3 Rd7 37. Rh2 Rd8 38. Rg2 Rd7 39. Rg1 Rd8 40. Kc3 Rd7
41. Rh1 Rd8 42. Kc2 Rd7 43. Rh2 Rd8 44. Rd2 Rxd2+ 45. Kxd2 Ke6 46. e4 f5 1/2-1/2

[Event "23rd European Teams"]
[Site "Terme Catez SLO"]
[Date "2021.11.20"]
[Round "8.6"]
[Board "4"]
[White "Hansen, Sune Berg"]
[Black "Haria, Ravi"]
[Result "1/2-1/2"]
[WhiteTitle "GM"]
[BlackTitle "IM"]
[WhiteElo "2543"]
[BlackElo "2497"]
[WhiteTeam "Denmark"]
[BlackTeam "England"]
[WhiteFideId "1400266"]
[BlackFideId "415820"]
[EventDate "2021.11.12"]

1. d4 e6 2. c4 Nf6 3. Nc3 Bb4 4. e3 O-O 5. Bd3 d5 6. Ne2 dxc4 7. Bxc4 b6 8. O-O
Bb7 9. a3 Bd6 10. Ng3 c5 11. dxc5 Bxc5 12. Qe2 Nbd7 13. Rd1 Qe7 14. b4 Bd6 15.
Bb2 a6 16. b5 a5 17. Na4 Rab8 18. Nh5 Ba8 19. Bd3 Be5 20. Nxf6+ Bxf6 21. Bxh7+
Kxh7 22. Qd3+ Kg8 23. Qxd7 Bd5 24. Qxe7 Bxe7 25. Be5 Rb7 26. Rdc1 Bb3 27. Nb2 f6
28. Rc7 Rxc7 29. Bxc7 a4 30. Bxb6 Rb8 31. Bd4 Rxb5 32. h3 e5 33. Bc3 Rb7 34. Nd3
Rd7 35. Bb4 Rxd3 36. Bxe7 Kf7 37. Bb4 Rd1+ 38. Rxd1 Bxd1 39. Kf1 Bb3 40. Ke2 e4
41. h4 g6 42. Kd2 f5 43. Kc3 Ke6 44. Kd4 Bd1 45. Bc3 Be2 46. Ba5 Bd1 47. Bd8 Be2
48. Kc5 Bd1 49. Kc6 Be2 50. Bg5 Bf1 51. Bf4 Be2 52. Kc5 1/2-1/2

[Event "23rd European Teams"]
[Site "Terme Catez SLO"]
[Date "2021.11.20"]
[Round "8.7"]
[Board "1"]
[White "Mastrovasilis, Dimitrios"]
[Black "Deac, Bogdan-Daniel"]
[Result "1/2-1/2"]
[WhiteTitle "GM"]
[BlackTitle "GM"]
[WhiteElo "2619"]
[BlackElo "2651"]
[WhiteTeam "Greece"]
[BlackTeam "Romania"]
[WhiteFideId "4202694"]
[BlackFideId "1226380"]
[EventDate "2021.11.12"]

1. e4 e5 2. Nf3 Nc6 3. Nc3 Nf6 4. d4 exd4 5. Nxd4 Bb4 6. Nxc6 bxc6 7. Bd3 O-O 8.
O-O d5 9. exd5 Bg4 10. f3 Bh5 11. Bg5 cxd5 12. Nxd5 Qxd5 13. Bxf6 Qc5+ 14. Kh1
gxf6 15. a3 Ba5 16. b4 Bxb4 17. axb4 Qxb4 18. Ra6 Qc3 19. Qa1 Qxa1 20. Rfxa1 Bg6
21. Rxa7 Rxa7 22. Rxa7 Bxd3 23. cxd3 Rb8 24. h3 Rb3 25. Rxc7 Rxd3 26. Kh2 Kg7
27. Kg3 Rd4 28. Rc5 Kg6 29. Kf2 Rd2+ 30. Kg3 f5 31. Rc6+ 1/2-1/2

[Event "23rd European Teams"]
[Site "Terme Catez SLO"]
[Date "2021.11.20"]
[Round "8.7"]
[Board "2"]
[White "Lupulescu, Constantin"]
[Black "Pavlidis, Antonios"]
[Result "1-0"]
[WhiteTitle "GM"]
[BlackTitle "GM"]
[WhiteElo "2624"]
[BlackElo "2536"]
[WhiteTeam "Romania"]
[BlackTeam "Greece"]
[WhiteFideId "1207822"]
[BlackFideId "4212312"]
[EventDate "2021.11.12"]

1. c4 e6 2. Nc3 d5 3. d4 Nf6 4. cxd5 exd5 5. Bg5 Bb4 6. e3 h6 7. Bh4 g5 8. Bg3
Ne4 9. Qc2 h5 10. f3 Nxg3 11. hxg3 Be6 12. O-O-O Nd7 13. e4 c6 14. Bd3 Qa5 15.
a3 Bxc3 16. Qxc3 Qxc3+ 17. bxc3 c5 18. exd5 Bxd5 19. c4 Bc6 20. d5 Ba4 21. Re1+
Kf8 22. Ne2 Nb6 23. Kb2 Bd7 24. g4 Na4+ 25. Kc2 h4 26. Ng3 b5 27. cxb5 c4 28.
Bxc4 Rc8 29. Kb3 Nb6 30. Re4 Rb8 31. Nf5 Nxc4 32. Kxc4 Rxb5 33. Rhe1 h3 34. gxh3
Rxh3 35. Re7 Rb7 36. R1e3 Rc7+ 37. Kd4 Rh1 38. Ke4 1-0

[Event "23rd European Teams"]
[Site "Terme Catez SLO"]
[Date "2021.11.20"]
[Round "8.9"]
[Board "1"]
[White "Nisipeanu, Liviu-Dieter"]
[Black "Bogner, Sebastian"]
[Result "1/2-1/2"]
[WhiteTitle "GM"]
[BlackTitle "GM"]
[WhiteElo "2651"]
[BlackElo "2574"]
[WhiteTeam "Germany"]
[BlackTeam "Switzerland"]
[WhiteFideId "1202758"]
[BlackFideId "4692055"]
[EventDate "2021.11.12"]

1. d4 Nf6 2. c4 e6 3. Nc3 Bb4 4. e3 O-O 5. Bd3 c5 6. Nf3 d5 7. O-O cxd4 8. exd4
dxc4 9. Bxc4 b6 10. Qa4 Bxc3 11. bxc3 Qc7 12. Ba3 Rd8 13. Ne5 Bb7 14. Rfe1 Nd5
15. Bxd5 Bxd5 16. c4 Bc6 17. Qb4 Bb7 18. d5 exd5 19. cxd5 Bxd5 20. Rac1 Qb7 21.
Bb2 f6 22. Ng4 Nc6 23. Qf4 Rf8 24. Re3 Qf7 25. Rce1 Kh8 26. Qf5 Ne5 27. Rh3 Qg8
28. Bxe5 Be6 29. Qh5 Bxg4 30. Qxg4 fxe5 31. Qe4 Rae8 32. a3 h6 33. Rhe3 Re7 34.
h3 Qa2 35. R1e2 Qa1+ 36. Kh2 Ref7 37. f3 Rf5 38. Rd3 Qc1 39. Red2 Qc5 40. Rd8
Rf4 41. Rxf8+ Rxf8 42. Rd7 Qxa3 43. Qxe5 Rg8 44. f4 Qc5 45. Rxa7 Qxe5 46. fxe5
Re8 47. Rb7 Rxe5 48. Rxb6 1/2-1/2

[Event "23rd European Teams"]
[Site "Terme Catez SLO"]
[Date "2021.11.20"]
[Round "8.9"]
[Board "2"]
[White "Pelletier, Yannick"]
[Black "Donchenko, Alexander"]
[Result "1/2-1/2"]
[WhiteTitle "GM"]
[BlackTitle "GM"]
[WhiteElo "2564"]
[BlackElo "2645"]
[WhiteTeam "Switzerland"]
[BlackTeam "Germany"]
[WhiteFideId "1301837"]
[BlackFideId "24603295"]
[EventDate "2021.11.12"]

1. Nf3 Nf6 2. c4 e6 3. Nc3 d5 4. d4 a6 5. cxd5 exd5 6. Bg5 Be6 7. Qb3 Ra7 8. e3
Nbd7 9. Qc2 Bd6 10. Bd3 c6 11. O-O Qc7 12. e4 dxe4 13. Nxe4 Nxe4 14. Bxe4 h6 15.
Bh4 O-O 16. Rfe1 Raa8 17. Re3 Nb6 18. Rae1 Nd5 19. Bxd5 cxd5 20. Qb3 Qc4 21. Bg3
Bb4 22. Rd1 Qb5 23. a4 Qc4 24. Ne5 Qxb3 25. Rxb3 a5 26. Nd3 Bd7 27. Ra1 Rfc8 28.
h3 Rc4 29. Ne5 Rd8 30. Nxc4 dxc4 31. Re3 Bc6 32. Rc1 Rxd4 33. Be5 Rd5 34. Rxc4
f6 35. Bd4 Kh7 36. b3 h5 37. h4 Bd2 38. Rd3 Bb4 39. f3 Rd6 40. Kf2 Bd7 41. Ke2
Bf5 42. Re3 b6 43. Bc3 Bc5 44. Rxc5 bxc5 45. Bxa5 Bc2 46. Rc3 Bd1+ 47. Ke3 c4
48. bxc4 Bxa4 49. Ra3 Bc6 50. Bc3 g5 51. hxg5 fxg5 52. Ra6 Kg6 53. Be5 Re6 54.
Kd4 Kf5 55. Ra5 Kg6 56. Ra7 h4 57. Rg7+ Kf5 58. Rf7+ Kg6 59. Rf8 Bb7 60. Rg8+
Kf5 61. Rf8+ Kg6 62. c5 Bc6 63. Rg8+ Kf5 64. Rf8+ Kg6 65. Rc8 Kf5 66. Bd6 Ba4
67. Rf8+ Kg6 68. Rg8+ Kf5 69. Rf8+ Kg6 70. Ra8 Bc6 71. Ra6 h3 72. gxh3 Bxf3 73.
Ra3 Re4+ 74. Kd3 Rh4 75. Rc3 Rxh3 76. Kd2 Bg2 77. Rxh3 Bxh3 78. Ke3 1/2-1/2

[Event "23rd European Teams"]
[Site "Terme Catez SLO"]
[Date "2021.11.20"]
[Round "8.9"]
[Board "3"]
[White "Keymer, Vincent"]
[Black "Georgiadis, Nico"]
[Result "1-0"]
[WhiteTitle "GM"]
[BlackTitle "GM"]
[WhiteElo "2639"]
[BlackElo "2553"]
[WhiteTeam "Germany"]
[BlackTeam "Switzerland"]
[WhiteFideId "12940690"]
[BlackFideId "1300113"]
[EventDate "2021.11.12"]

1. c4 e6 2. Nc3 d5 3. d4 c5 4. cxd5 exd5 5. Nf3 Nc6 6. dxc5 d4 7. Na4 Bxc5 8.
Nxc5 Qa5+ 9. Bd2 Qxc5 10. e3 dxe3 11. Bxe3 Qb4+ 12. Bd2 Qxb2 13. Bc4 Nge7 14.
Rb1 Qf6 15. O-O h6 16. Qb3 O-O 17. Rfe1 Bg4 18. Bc3 Qg6 19. Rxe7 Nxe7 20. Ne5
Qf5 21. h3 Bxh3 22. gxh3 Rac8 23. Re1 Ng6 24. Re3 Nf4 25. Rf3 b5 26. Bxf7+ Rxf7
27. Nxf7 Rc4 28. Ne5 Qg5+ 29. Kf1 Qg2+ 30. Ke1 Kh7 31. Qb1+ g6 32. Qxb5 Re4+ 33.
Kd2 Re2+ 34. Qxe2 Nxe2 35. Kxe2 Qh1 36. Ng4 Qc1 37. Nf6+ 1-0

[Event "23rd European Teams"]
[Site "Terme Catez SLO"]
[Date "2021.11.20"]
[Round "8.9"]
[Board "4"]
[White "Kurmann, Oliver"]
[Black "Svane, Rasmus"]
[Result "1/2-1/2"]
[WhiteTitle "IM"]
[BlackTitle "GM"]
[WhiteElo "2458"]
[BlackElo "2628"]
[WhiteTeam "Switzerland"]
[BlackTeam "Germany"]
[WhiteFideId "1308173"]
[BlackFideId "4657101"]
[EventDate "2021.11.12"]

1. e4 c6 2. Nf3 d5 3. d3 dxe4 4. dxe4 Qxd1+ 5. Kxd1 Nf6 6. Nbd2 g6 7. Ne1 Bh6 8.
f3 Be6 9. a4 Nbd7 10. Nc4 Bxc1 11. Kxc1 Bxc4 12. Bxc4 Ne5 13. Be2 g5 14. Nd3
Nxd3+ 15. Bxd3 h5 16. h4 Rg8 17. hxg5 Rxg5 18. Rh2 e6 19. Kd2 Ke7 20. Ke3 Rag8
21. Bf1 a5 22. Rd1 Nd7 23. Kf2 Rc5 24. Rd2 Nb6 25. b3 Nd7 26. Rh3 Nf6 27. Ke3 b5
28. axb5 cxb5 29. Bd3 Rcg5 30. Rh1 b4 31. Rh2 Nd7 32. Kf2 Rc5 33. g3 Ne5 34. Be2
Rgc8 35. Bd1 Nd7 36. Ke3 Rg8 37. Kf2 Rgc8 38. Ke3 Rg5 39. Rh3 Nf6 40. Be2 Rc3+
41. Kf2 Rgc5 42. Bd1 Nd7 43. Kg2 Nf6 44. Kf2 Ne8 45. Re2 a4 46. bxa4 Ra3 47. Rd2
Nd6 48. Be2 Rxa4 49. Rh1 Ra2 50. Rb1 Nc4 51. Bxc4 Rxc4 52. Ke3 Rc3+ 53. Kf4 Raa3
54. Rf2 Rc4 55. Rd2 Kf6 56. g4 e5+ 57. Kg3 Rxe4 58. gxh5 Kg5 59. Rh2 Rf4 60. Rb3
Ra6 61. c3 bxc3 62. Rxc3 Rh6 63. Rc8 Rd4 64. Rg8+ Kf5 65. Rg7 f6 66. Rg8 Rd3 67.
Rg4 Rd8 68. Rh1 Rc8 69. Ra4 Rg8+ 70. Rg4 Rgh8 71. Rgh4 R8h7 72. R1h2 Rb7 73. Rh1
Rb8 74. Rg4 Rbh8 75. Rgh4 Ke6 76. R1h2 f5 77. Rh1 Kf6 78. Ra1 f4+ 79. Kf2 Kf5
80. Ra7 Rb8 81. Ra2 Rb1 82. Re2 Rb8 83. Ra2 Rg8 84. Ra7 Rc8 85. Ra2 Rd8 86. Rb2
Rg8 87. Rb7 Rg5 88. Rf7+ Ke6 89. Ra7 Rhxh5 90. Rxh5 Rxh5 91. Ra6+ Kf5 92. Kg2
Rh8 93. Ra7 Rc8 94. Ra2 Ke6 95. Rd2 Rc5 96. Kf2 Rd5 97. Ra2 Kd6 98. Rc2 Rc5 99.
Rd2+ Kc6 100. Kg2 Rc1 101. Ra2 Kd5 102. Rd2+ Kc4 103. Re2 Kd4 104. Re4+ Kd5 105.
Re2 Rc5 106. Rd2+ Kc4 107. Kf2 Rd5 108. Rc2+ Kd3 109. Rc8 Kd2 110. Ra8 Kd1 111.
Re8 Rc5 112. Re7 Kc2 113. Re8 Kd3 114. Rd8+ Kc4 115. Ke2 Rb5 116. Rc8+ Kd5 117.
Rd8+ Ke6 118. Rd2 Kf5 1/2-1/2

[Event "23rd European Teams"]
[Site "Terme Catez SLO"]
[Date "2021.11.20"]
[Round "8.10"]
[Board "1"]
[White "Lenic, Luka"]
[Black "Nabaty, Tamir"]
[Result "1/2-1/2"]
[WhiteTitle "GM"]
[BlackTitle "GM"]
[WhiteElo "2633"]
[BlackElo "2649"]
[WhiteTeam "Slovenia 1"]
[BlackTeam "Israel"]
[WhiteFideId "14603853"]
[BlackFideId "2809052"]
[EventDate "2021.11.12"]

1. d4 d5 2. c4 e6 3. Nf3 dxc4 4. e3 Nf6 5. Bxc4 a6 6. O-O Be7 7. Be2 O-O 8. b3
Nbd7 9. Bb2 b6 10. Nbd2 Bb7 11. Rc1 c5 12. dxc5 Bxc5 13. Bd3 Qe7 14. e4 Rfd8 15.
Qe2 Nf8 16. Ne5 N6d7 17. Ndf3 Nxe5 18. Nxe5 f6 19. Nc4 Ng6 20. g3 Rac8 21. Rfd1
b5 22. Ne3 Ba3 23. Rxc8 Rxc8 24. Ba1 Qc7 25. Bb1 Qc6 26. Nc2 Bc5 27. Nd4 Qb6 28.
Nf3 Ba3 29. Bd4 Qc6 30. Be3 e5 31. h4 Ne7 32. Rd2 Qe6 33. Ne1 f5 34. exf5 Nxf5
35. Rc2 Rf8 36. Qd3 Nxe3 37. Rc7 e4 38. Qxe3 Bd5 39. Qd4 Rf6 40. Ng2 Bd6 41. Rc1
Be5 1/2-1/2

[Event "23rd European Teams"]
[Site "Terme Catez SLO"]
[Date "2021.11.20"]
[Round "8.10"]
[Board "2"]
[White "Smirin, Ilia"]
[Black "Borisek, Jure"]
[Result "1-0"]
[WhiteTitle "GM"]
[BlackTitle "GM"]
[WhiteElo "2616"]
[BlackElo "2595"]
[WhiteTeam "Israel"]
[BlackTeam "Slovenia 1"]
[WhiteFideId "2801990"]
[BlackFideId "14603152"]
[EventDate "2021.11.12"]

1. e4 e5 2. Nf3 Nc6 3. Bb5 Nf6 4. O-O Nxe4 5. d4 Nd6 6. Ba4 e4 7. Re1 Be7 8. Ne5
O-O 9. Nc3 Bg5 10. Nxe4 Nxe4 11. Rxe4 Bxc1 12. Rxc1 Ne7 13. Qh5 g6 14. Qh6 Nf5
15. Qf4 d6 16. Nf3 Be6 17. Bb3 Bxb3 18. axb3 d5 19. Re5 f6 20. Re6 Ng7 21. Re2
Qd7 22. Rce1 Rae8 23. Rxe8 Nxe8 24. c4 c6 25. cxd5 cxd5 26. Rc1 Nd6 27. h4 Nb5
28. Nh2 b6 29. Ng4 Qe6 30. Kf1 h5 31. Ne3 Kg7 32. f3 Rd8 33. g4 hxg4 34. Nxg4
Rh8 35. Re1 Qf7 36. Ne3 Qd7 37. Kf2 Qh3 38. Rg1 Kf7 39. Rg4 g5 40. Qf5 Qh2+ 41.
Ng2 1-0

[Event "23rd European Teams"]
[Site "Terme Catez SLO"]
[Date "2021.11.20"]
[Round "8.11"]
[Board "1"]
[White "Vocaturo, Daniele"]
[Black "Yilmaz, Mustafa"]
[Result "1/2-1/2"]
[WhiteTitle "GM"]
[BlackTitle "GM"]
[WhiteElo "2632"]
[BlackElo "2626"]
[WhiteTeam "Italy"]
[BlackTeam "Turkey"]
[WhiteFideId "813192"]
[BlackFideId "6302718"]
[EventDate "2021.11.12"]

1. e4 c5 2. Nf3 d6 3. d4 cxd4 4. Nxd4 Nf6 5. Nc3 a6 6. g3 e5 7. Nb3 Be7 8. Bg2
O-O 9. O-O Be6 10. a4 Nbd7 11. Re1 Qc7 12. h3 Rfc8 13. Be3 h6 14. Kh2 Rab8 15.
f4 Nb6 16. Nd2 Nc4 17. Nxc4 Qxc4 18. a5 Bd7 19. Qd3 Qxd3 20. cxd3 Bc6 21. d4
exd4 22. Bxd4 Nd7 23. Red1 Re8 24. Rd2 Bf6 25. Rad1 Bxd4 26. Rxd4 Nc5 27. Rc4
Nb3 28. Rxd6 Nxa5 29. Rcd4 Nb3 30. Rb4 Nc5 31. Rc4 Ne6 32. Nd5 Kf8 33. e5 Bb5
34. Rc3 Red8 35. Nb6 Rxd6 36. exd6 Rd8 37. Nc8 Rd7 38. Kg1 Ke8 39. Kf2 Nd4 40.
Rc7 Rxc7 41. dxc7 Kd7 42. Nd6 Kxc7 43. Nxf7 Bc6 44. Bf1 Bd5 45. Ne5 Kd6 46. Bd3
a5 47. Ke3 Nc6 48. Nxc6 Bxc6 49. Kd4 b5 50. g4 g5 51. f5 a4 52. Be4 Bd7 53. Kc3
Kc5 54. b4+ axb3 55. Kxb3 b4 56. Bd3 Bc6 57. Bc4 Bf3 58. f6 Bd1+ 59. Kb2 Kd6 60.
Bd5 Ba4 61. Bc4 Kd7 62. Bd5 Ke8 63. Bc4 Kf8 64. f7 Ke7 65. Bd5 Bd1 66. Bc4 h5
67. gxh5 Bxh5 68. Kb3 Bxf7 69. Kxb4 Be6 70. Kc5 Kf6 71. Bxe6 Kxe6 72. Kd4 Kf5
73. Ke3 g4 74. hxg4+ Kxg4 1/2-1/2

[Event "23rd European Teams"]
[Site "Terme Catez SLO"]
[Date "2021.11.20"]
[Round "8.11"]
[Board "2"]
[White "Dastan, Muhammed Batuhan"]
[Black "Moroni, Luca Jr"]
[Result "1/2-1/2"]
[WhiteTitle "GM"]
[BlackTitle "GM"]
[WhiteElo "2572"]
[BlackElo "2580"]
[WhiteTeam "Turkey"]
[BlackTeam "Italy"]
[WhiteFideId "6300014"]
[BlackFideId "865834"]
[EventDate "2021.11.12"]

1. d4 d5 2. Nf3 Nf6 3. Bf4 c5 4. e3 Nc6 5. Nbd2 Nh5 6. dxc5 Nxf4 7. exf4 Qa5 8.
c4 e6 9. cxd5 exd5 10. Bd3 Bxc5 11. O-O Be7 12. Re1 O-O 13. Rc1 Bf6 14. Ne5 Qb4
15. Nxc6 bxc6 16. Rxc6 Qxf4 17. g3 Qd4 18. Nb3 Qg4 19. Qc2 h6 20. Re3 Bd7 21.
Rc7 Ba4 22. Bh7+ Kh8 23. Bf5 Qb4 24. Qc5 Qb6 25. Rd3 Bxb2 26. Rxd5 Rfe8 27. Rd6
Qxc5 28. Nxc5 Be5 29. Nxa4 Bxd6 30. Rxf7 Rf8 31. Rxf8+ Rxf8 32. Be6 Rf3 33. Bb3
Rd3 34. Nb2 Rd2 35. Nc4 Rd4 36. h4 Bc7 37. Kf1 a5 38. Nb2 Re4 39. Bc2 Re6 40.
Bb3 Rf6 41. Ke2 Bb6 42. Nd3 Bd4 43. h5 g5 44. hxg6 Rxg6 45. Nf4 Rf6 46. Bc2 Rb6
47. Nd3 Re6+ 48. Kf3 Kg7 49. Bb3 Re8 50. Ba4 Rc8 51. Bb3 Kf6 52. Ke2 Ke7 53. Kf3
Kd6 54. Ke2 Kc6 55. Ba4+ Kb6 56. Nf4 Rc1 57. Nd3 Ra1 58. Bb3 a4 59. Bc4 a3 60.
Kd2 Rh1 61. Bf7 Kc6 62. Ke2 Kd6 63. Bc4 Rb1 64. Kf3 Rb8 65. Ke4 Ba7 66. f4 Rb1
67. g4 Ke7 68. g5 hxg5 69. fxg5 Bb8 70. g6 Kf6 71. Bf7 Rb2 72. Kd4 Bd6 73. Ke4
Re2+ 74. Kd4 Bf8 75. Nf4 Rh2 76. Kc3 Rh4 77. Nd5+ Ke5 78. Nc7 Rh3+ 79. Kc4 Rh2
80. Kd3 Bh6 81. Ne8 Rd2+ 82. Kc3 Rd8 83. Kb3 Bf8 84. g7 Rb8+ 85. Ka4 Bxg7 86.
Nxg7 Rb7 87. Bb3 Rxg7 88. Kxa3 Kd4 89. Kb2 Rg5 90. Bf7 Rg2+ 91. Kb3 Rg7 92. Be6
Re7 93. Bf5 Re5 94. Bg6 Re3+ 95. Kc2 Rc3+ 96. Kb2 Rc6 97. Bf7 Kd3 98. Bg8 Rb6+
99. Kc1 Kc3 100. Kd1 Rb8 101. Bb3 Re8 102. Bf7 Re7 103. Bb3 Kd3 104. Bc2+ Ke3
105. Bb3 Rc7 106. Be6 Rc5 107. Bf7 Rc6 108. Bg8 Rg6 109. Bb3 Rg2 110. Be6 Rd2+
111. Ke1 Rf2 112. Bb3 Rh2 113. Kd1 Re2 114. Bc4 Rd2+ 115. Kc1 Rd4 116. Bb3 Kd3
117. Kd1 Rh4 118. Bc2+ Ke3 119. Bb3 Rh2 120. Bc4 Rf2 121. Bg8 Rd2+ 122. Kc1 Kd3
123. Bc4+ Kc3 124. Bb3 Rd4 125. Bd1 Rf4 126. Be2 Rh4 127. Bf3 Rh3 128. Bc6 Rh6
129. Bd5 Rg6 130. Bb3 Rg1+ 131. Bd1 Re1 132. a4 Re5 133. Bg4 Re4 134. Bf3 Re1+
135. Bd1 Rg1 136. a5 Rg5 137. Bf3 Rf5 138. Bg4 Rg5 139. Bf3 Rxa5 140. Kb1 Re5
141. Bg4 Rb5+ 142. Ka2 Re5 143. Kb1 Rg5 144. Be6 Rg6 145. Bf7 Rb6+ 146. Ka1 Rc6
147. Kb1 Rf6 148. Bg8 Rg6 149. Bf7 Rg3 150. Be6 Rg7 151. Ka2 Rg2+ 152. Kb1 Re2
153. Bf7 Re5 154. Ka2 Re7 155. Bg8 Kc2 156. Ka1 Rg7 157. Be6 Rg2 158. Bf7 Rg4
159. Be6 Rg7 160. Bf5+ Kc1 161. Be6 Ra7+ 162. Ba2 Rb7 163. Bd5 Rb5 164. Bc4 Rb6
165. Bd5 Kc2 166. Be4+ Kc3 167. Bd5 Rb2 168. Bf7 Rf2 169. Bg8 Rg2 170. Be6 Rg5
171. Kb1 Rb5+ 172. Ka1 Kc2 173. Bf7 Rb6 174. Bd5 Ra6+ 175. Ba2 Rb6 176. Bd5 Rb4
177. Bf7 Rb6 1/2-1/2

[Event "23rd European Teams"]
[Site "Terme Catez SLO"]
[Date "2021.11.20"]
[Round "8.12"]
[Board "1"]
[White "Navara, David"]
[Black "Gretarsson, Hjorvar Steinn"]
[Result "1-0"]
[WhiteTitle "GM"]
[BlackTitle "GM"]
[WhiteElo "2699"]
[BlackElo "2574"]
[WhiteTeam "Czech Republic"]
[BlackTeam "Iceland"]
[WhiteFideId "309095"]
[BlackFideId "2302241"]
[EventDate "2021.11.12"]

1. e4 c5 2. Nf3 d6 3. Bb5+ Nd7 4. d4 Nf6 5. O-O cxd4 6. Qxd4 a6 7. Be2 e5 8. Qe3
Nc5 9. Nc3 Be6 10. Ng5 Rc8 11. Nxe6 Nxe6 12. Rd1 Be7 13. a4 O-O 14. Bd2 Re8 15.
Bd3 g6 16. b3 Nd4 17. Rac1 Ng4 18. Qh3 Bg5 19. Bxg5 Qxg5 20. Nd5 h5 21. Qg3 f5
22. h4 Qd8 23. f3 f4 24. Qe1 Nf6 25. Bc4 Kg7 26. Rxd4 exd4 27. Nxf4 d5 28. Bxd5
Qb6 29. a5 Qc5 30. Ne6+ Rxe6 31. Bxe6 d3+ 32. Kh1 Qc3 33. Qxc3 Rxc3 34. e5 Ne8
35. Kg1 Rxc2 36. Rd1 Rc5 37. f4 Nc7 38. Bc4 Nd5 39. Rxd3 Nxf4 40. Rd7+ Kh6 41.
g3 1-0

[Event "23rd European Teams"]
[Site "Terme Catez SLO"]
[Date "2021.11.20"]
[Round "8.12"]
[Board "3"]
[White "Zilka, Stepan"]
[Black "Hjartarson, Johann"]
[Result "1-0"]
[WhiteTitle "GM"]
[BlackTitle "GM"]
[WhiteElo "2593"]
[BlackElo "2483"]
[WhiteTeam "Czech Republic"]
[BlackTeam "Iceland"]
[WhiteFideId "315303"]
[BlackFideId "2300044"]
[EventDate "2021.11.12"]

1. e4 g6 2. d4 Bg7 3. Nc3 d6 4. Be3 a6 5. Qd2 b5 6. f3 Nd7 7. h4 Ngf6 8. g4 h6
9. O-O-O Nb6 10. b3 h5 11. g5 Nfd7 12. f4 Bb7 13. Bg2 b4 14. Nce2 c5 15. Ng3 Qc7
16. N1e2 O-O 17. f5 cxd4 18. Bxd4 Bxd4 19. Nxd4 d5 20. e5 Qxe5 21. Rh3 Qd6 22.
Kb1 e5 23. Nde2 Rac8 24. Ne4 Qc6 25. Nf6+ Nxf6 26. gxf6 Kh7 27. Rg3 Qxf6 28. Bh3
d4 29. fxg6+ fxg6 30. Bxc8 Rxc8 31. Qxb4 Be4 32. Rc1 Nd5 33. Qa4 Rc7 34. Qa5 Qf2
35. Qxa6 Rxc2 36. Rxc2 Bxc2+ 37. Kb2 Be4 38. Ka3 Qf8+ 39. Kb2 Qf2 40. Ka3 Qf8+
41. Kb2 Qe7 42. Rg5 Nb4 43. Qc8 Nd3+ 44. Ka1 Qb4 45. Rg1 Qd2 46. Rb1 Nb4 47.
Qc7+ Kh6 48. Qc1 Qxc1 49. Rxc1 d3 50. Ng3 Bf3 51. Nf1 Nc2+ 52. Kb2 g5 53. Kc3 e4
54. b4 gxh4 55. b5 h3 56. Nh2 Nb4 57. Kxb4 d2 58. Rg1 Bg2 59. Kc3 Kg5 60. b6 e3
61. b7 d1=Q 62. Rxd1 Bxb7 63. Rd4 1-0

[Event "23rd European Teams"]
[Site "Terme Catez SLO"]
[Date "2021.11.20"]
[Round "8.13"]
[Board "1"]
[White "Grandelius, Nils"]
[Black "Saric, Ivan"]
[Result "1/2-1/2"]
[WhiteTitle "GM"]
[BlackTitle "GM"]
[WhiteElo "2669"]
[BlackElo "2665"]
[WhiteTeam "Sweden"]
[BlackTeam "Croatia"]
[WhiteFideId "1710400"]
[BlackFideId "14508150"]
[EventDate "2021.11.12"]

1. e4 c5 2. c3 Nf6 3. e5 Nd5 4. Bc4 Nb6 5. Bb3 c4 6. Bc2 d6 7. exd6 Qxd6 8. Na3
Nc6 9. Nf3 Qe6+ 10. Kf1 Bd7 11. b3 Ne5 12. Nxe5 cxb3 13. axb3 Qxe5 14. Qe2 Qxe2+
15. Kxe2 e5 16. Be4 O-O-O 17. Nc4 Nxc4 18. bxc4 a6 19. Rb1 b5 20. Ra1 bxc4 21.
Rxa6 f5 22. Bc6 Kc7 23. Bxd7 Kxd7 24. Rd1 Bd6 25. d4 e4 26. Ra7+ Ke6 27. Rxg7
Rhg8 28. Rxg8 Rxg8 29. g3 Kd5 30. Bd2 Ra8 31. Rb1 Kc6 32. f3 exf3+ 33. Kxf3 Ra2
34. Be1 Rxh2 35. Bf2 h5 36. Ra1 h4 37. Ra6+ Kd7 38. gxh4 Rh3+ 39. Kg2 Rxc3 40.
h5 Ra3 41. Rxa3 Bxa3 42. h6 Bf8 43. h7 Bg7 44. Kf3 Ke6 45. Kf4 Bh6+ 46. Kf3 Bg7
47. Kf4 Bh6+ 1/2-1/2

[Event "23rd European Teams"]
[Site "Terme Catez SLO"]
[Date "2021.11.20"]
[Round "8.13"]
[Board "2"]
[White "Brkic, Ante"]
[Black "Hillarp Persson, Tiger"]
[Result "1-0"]
[WhiteTitle "GM"]
[BlackTitle "GM"]
[WhiteElo "2599"]
[BlackElo "2528"]
[WhiteTeam "Croatia"]
[BlackTeam "Sweden"]
[WhiteFideId "14506688"]
[BlackFideId "1700812"]
[EventDate "2021.11.12"]

1. e4 c5 2. Nf3 d6 3. Bb5+ Nd7 4. d4 cxd4 5. Nxd4 Nf6 6. O-O e5 7. Nf5 a6 8. Ba4
b5 9. Bb3 Nc5 10. Nc3 Bxf5 11. exf5 Be7 12. Bg5 O-O 13. Bxf6 Bxf6 14. Nd5 e4 15.
c3 a5 16. a3 Re8 17. Bc2 Re5 18. f4 Re8 19. Qe2 a4 20. Rad1 Rb8 21. g4 h6 22.
Kh1 Na6 23. Bb1 Nc7 24. Ba2 Nxd5 25. Bxd5 Rc8 26. Rg1 Rc5 27. Qe3 Bh4 28. Rg2
Qc8 29. Ba2 Qc6 30. Rgd2 Be7 31. Bd5 Qc8 32. Qxe4 Kf8 33. Qd3 Qc7 34. Re1 Bf6
35. Rxe8+ Kxe8 36. Rg2 Kd8 37. g5 hxg5 38. fxg5 Be5 39. f6 gxf6 40. gxf6 Bxf6
41. Rg8+ Ke7 42. Qe3+ Be5 43. Qg5+ Bf6 44. Qh5 Rxd5 45. Qxd5 Qb6 46. Qa8 Be5 47.
Re8+ Kf6 48. Qd8+ 1-0